Wonders of the world : (Record no. 4136)

MARC details
000 -LEADER
fixed length control field 01968cam a2200457 a 4500
001 - CONTROL NUMBER
control field 4136
003 - CONTROL NUMBER IDENTIFIER
control field FISKH
005 - DATE AND TIME OF LATEST TRANSACTION
control field 20240611141424.0
008 - FIXED-LENGTH DATA ELEMENTS--GENERAL INFORMATION
fixed length control field 090508s2009 nyuao 000 0 eng
010 ## - LIBRARY OF CONGRESS CONTROL NUMBER
LC control number 2009928252
015 ## - NATIONAL BIBLIOGRAPHY NUMBER
National bibliography number GBA979727
Source bnb
016 7# - NATIONAL BIBLIOGRAPHIC AGENCY CONTROL NUMBER
Record control number 015347511
Source Uk
020 ## - INTERNATIONAL STANDARD BOOK NUMBER
International Standard Book Number 9781603200875 (hc.)
020 ## - INTERNATIONAL STANDARD BOOK NUMBER
International Standard Book Number 1603200878 (hc.)
035 ## - SYSTEM CONTROL NUMBER
System control number (OCoLC)ocn430507881
040 ## - CATALOGING SOURCE
Original cataloging agency UKM
Transcribing agency UKM
Modifying agency GO6
-- UPZ
-- DLC
Language of cataloging eng
042 ## - AUTHENTICATION CODE
Authentication code lccopycat
050 00 - LIBRARY OF CONGRESS CALL NUMBER
Classification number AG243
Item number .W587 2009
082 04 - DEWEY DECIMAL CLASSIFICATION NUMBER
Classification number 909
Edition number 22
100 ## - MAIN ENTRY--PERSONAL NAME
Personal name Sullivan, Robert
245 00 - TITLE STATEMENT
Title Wonders of the world :
Remainder of title 50 must-see natural and man-made marvels /
Statement of responsibility, etc. [editor, Robert Sullivan ; writer-reporter, Hildegard Anderson].
246 3# - VARYING FORM OF TITLE
Title proper/short title 50 must-see natural and man-made marvels
246 3# - VARYING FORM OF TITLE
Title proper/short title Fifty must-see natural and man-made marvels
246 18 - VARYING FORM OF TITLE
Title proper/short title Time wonders of the world
260 ## - PUBLICATION, DISTRIBUTION, ETC.
Place of publication, distribution, etc. New York :
Name of publisher, distributor, etc. Life Books,
Date of publication, distribution, etc. c2009.
300 ## - PHYSICAL DESCRIPTION
Extent 143 pages :
Other physical details color illustrations ;
Dimensions 36 cm.
Accompanying material color posters
500 ## - GENERAL NOTE
General note "Includes 7 removable vintage prints ready to be framed"--Jacket.
500 ## - GENERAL NOTE
General note "The classic collection"--Jacket.
520 ## - SUMMARY, ETC.
Summary, etc. In this deluxe new "LIFE" book, "Wonders of the World", the editors return to the sites of the original Seven Wonders and then keep right on traveling around the globe--eventually visiting in words and pictures seven-times-seven Wonders, plus one more.
650 #0 - SUBJECT ADDED ENTRY--TOPICAL TERM
Topical term or geographic name entry element Curiosities and wonders
Form subdivision Pictorial works.
650 #0 - SUBJECT ADDED ENTRY--TOPICAL TERM
Topical term or geographic name entry element Historic buildings
Form subdivision Pictorial works.
650 #0 - SUBJECT ADDED ENTRY--TOPICAL TERM
Topical term or geographic name entry element Historic sites
Form subdivision Pictorial works.
650 #0 - SUBJECT ADDED ENTRY--TOPICAL TERM
Topical term or geographic name entry element Antiquities
Form subdivision Pictorial works.
650 #0 - SUBJECT ADDED ENTRY--TOPICAL TERM
Topical term or geographic name entry element Natural monuments
Form subdivision Pictorial works.
700 1# - ADDED ENTRY--PERSONAL NAME
Personal name Sullivan, Robert,
Dates associated with a name 1953-
700 1# - ADDED ENTRY--PERSONAL NAME
Personal name Anderson, Hildegard.
856 42 - ELECTRONIC LOCATION AND ACCESS
Materials specified Publisher description
Uniform Resource Identifier <a href="http://www.loc.gov/catdir/enhancements/fy0914/2009928252-d.html">http://www.loc.gov/catdir/enhancements/fy0914/2009928252-d.html</a>
906 ## - LOCAL DATA ELEMENT F, LDF (RLIN)
a 7
b cbc
c copycat
d 2
e ncip
f 20
g y-gencatlg
942 ## - ADDED ENTRY ELEMENTS (KOHA)
Source of classification or shelving scheme Dewey Decimal Classification
Koha item type Books
Suppress in OPAC No
Holdings
Withdrawn status Lost status Source of classification or shelving scheme Damaged status Not for loan Collection Home library Current library Shelving location Date acquired Total Checkouts Full call number Barcode Date last seen Copy number Price effective from Koha item type
    Dewey Decimal Classification     Non-Fiction Footprints International School Library Network Toul Kork Campus Footprints International School Library Network Toul Kork Campus A TK Campus, 4th Floor, Room B401, Non-Fiction Bookcases(7-8) 06/11/2024   SUL 909 AG243.W587 2024-0864 06/11/2024 1 06/11/2024 Books
    Dewey Decimal Classification     Non-Fiction Footprints International School Library Network Toul Kork Campus Footprints International School Library Network Toul Kork Campus A TK Campus, 4th Floor, Room B401, Non-Fiction Bookcases(7-8) 06/11/2024   SUL 909 AG243.W587 2024-0865 06/11/2024 2 06/11/2024 Books
    Dewey Decimal Classification     Non-Fiction Footprints International School Library Network Toul Tom Poung Campus Footprints International School Library Network Toul Tom Poung Campus TTP Secondary Non-Fiction Bookshelves 05/27/2025   SUL 909 AG243.W587 2025-1412 05/27/2025 3 05/27/2025 Books